| 000 | 00436nam a22001817a 4500 | ||
|---|---|---|---|
| 003 | MPLRDC | ||
| 005 | 20220104154801.0 | ||
| 008 | 210129b ||||| |||| 00| 0 eng d | ||
| 020 | _a7-80668-675-4 | ||
| 082 | _a193 LZY | ||
| 100 | _a卢正言主编 | ||
| 245 |
_a中国历代家训观止 _c |
||
| 250 | _a第一版 | ||
| 260 |
_a中国 _b学林出版社 _c2004 |
||
| 300 | _b平 | ||
| 650 | _a家庭伦理 | ||
| 942 |
_cBK _o193 LZY |
||
| 999 |
_c54157 _d54147 |
||